000 00935-am-a2200205-a-4500
001 000113208
003 AM-YEHGA
005 20250617122426.0
008 990413s1974 xxu 000 0 rus u
020 _c1.28
040 _aAM-YeHGA
100 1 0 _aТимофеева, Елена Константиновна
245 1 0 _aЛось :
_b(Экология, распространение, хозяйственное значение) /
_cЕ.К. Тимофеева ; Под ред. Г.А. Новикова ; ЛГУ им. А.А. Жданова. Биологический научно-исследовательский ин-т.
260 0 _aЛ. :
_bЛГУ ,
_c1974.
300 _a168 с.
650 4 _aМлекопитающие или звери. Мамалиология
700 1 _aНовикова, Г.А.
_4edt
710 2 _aБиологический научно-исследовательский ин-т
090 _c37604
999 _c37040
_d37040